000 01376nam a2200361 a 4500
001 0000398
003 DO-SdBNP
005 20180309140625.0
007 0000398
008 091125s2014 dr a 000 0 spa d
020 _a9789945118520
040 _aBPMSU
_bspa
_cBPMSU
092 _a 373.54
_bS456q, 1ro. 2014
100 1 _aSegura de Óleo, Angela
245 0 0 _aQuímica 1:
_beducación media /
_cAngela Segura de Óleo ; dirección editorial Obdulia García de Escobar ; ilustración Ruddy Núñez
260 _aSanto Domingo :
_bSantillana,
_c2014.
300 _a143 p. :
_bil. ;
_c28 cm.
490 1 _aInnova
500 _aIncluye guía, recursos didácticos para el profesorado
505 0 _tLa química. Materia y energía --
_tFunciones químicas inorgánicas --
_tEstructura atómica --
_tUniones químicas --
_tCantidades, reacciones y leyes químicas --
_tLos ácidos y las bases --
650 _aQUÍMICA
_xENSEÑANZA SECUNDARIA
650 _aQUÍMICA
_xEDUCACIÓN SECUNDARIA
650 _aEDUCACIÓN SECUNDARIA
_zREPÚBLICA DOMINICANA
650 _aQUÍMICA
_xLIBROS DE TEXTO
650 _aQUÍMICA
_xESTUDIOS Y EJERCICIOS
700 1 _aGarcía de Escobar, Obdulia
_eed.
700 1 _aNúñez, Ruddy
_eil.
830 0 _aInnova
910 _a
942 _2ddc
_cBK
945 _aRemanejado para la BNPHU / 2018 BT
956 _aYngrid Lockward
_b10
999 _c10307
_d10307